Govt. of
Madhya Pradesh

रेल्वे All Exams (Non Technical ,Technical,Group 'D' & RPR/RPSF) सामान्य जानकारी एवं सामान्य विज्ञान Chapterwise सॉल्‍वड पेपर्स (Record no. 67818)

MARC details
000 -LEADER
fixed length control field 00730nam a22001697a 4500
003 - CONTROL NUMBER IDENTIFIER
control field macl
005 - DATE AND TIME OF LATEST TRANSACTION
control field 20241215131840.0
008 - FIXED-LENGTH DATA ELEMENTS--GENERAL INFORMATION
fixed length control field 241215b |||||||| |||| 00| 0 eng d
040 ## - CATALOGING SOURCE
Transcribing agency macl
082 ## - DEWEY DECIMAL CLASSIFICATION NUMBER
Classification number 001
100 ## - MAIN ENTRY--PERSONAL NAME
Personal name प्रसाद,एस एन
9 (RLIN) 83053
245 ## - TITLE STATEMENT
Title रेल्वे All Exams (Non Technical ,Technical,Group 'D' & RPR/RPSF) सामान्य जानकारी एवं सामान्य विज्ञान Chapterwise सॉल्‍वड पेपर्स
260 ## - PUBLICATION, DISTRIBUTION, ETC. (IMPRINT)
Place of publication, distribution, etc. Delhi
Name of publisher, distributor, etc. Kiran Institute of Career Institute
Date of publication, distribution, etc. 2024
650 ## - SUBJECT ADDED ENTRY--TOPICAL TERM
Topical term or geographic name as entry element सामान्य जानकारी
9 (RLIN) 83052
690 ## - LOCAL SUBJECT ADDED ENTRY--TOPICAL TERM (OCLC, RLIN)
Topical term or geographic name as entry element सामान्य जानकारी
9 (RLIN) 83052
942 ## - ADDED ENTRY ELEMENTS (KOHA)
Source of classification or shelving scheme
Koha item type Competitive Books
Holdings
Withdrawn status Lost status Source of classification or shelving scheme Damaged status Not for loan Home library Current library Date acquired Cost, normal purchase price Total Checkouts Full call number Barcode Checked out Date last seen Date last checked out Price effective from Koha item type
          MACL MACL 15/12/2024 385.00 11 001 DPI003146 16/04/2026 31/03/2026 31/03/2026 15/12/2024 Competitive Books